000 00457nam a2200169 i 4500
001 27593
003 ES-MaACL
005 20230906153645.0
007 t|
008 030115q1928 sp ||||1| spa d
100 1 _aArauz, Alvaro.
_922366
245 1 0 _a33 canciones /
_cAlvaro Arauz.
260 _aCádiz :
_b[s.n.,
_c1928?] (
_fEstablecimientos Cerón)
300 _a38 p. ;
_c20 cm.
740 0 _aTreinta y tres canciones.
852 _aES-MaACL
_j1794-F-1
999 _c27593
_d27593